[Event "87o Campeonato Brasileiro Absoluto Final Aberta"]
[Site "Cuiaba MT"]
[Date "2021.10.29"]
[Round "3"]
[Board "43"]
[White "Rezende, Uelton Fabricius Alves"]
[Black "Alves Campelo, Danilo Cesar De L"]
[Result "1/2-1/2"]
[WhiteElo "1784"]
[BlackElo "2017"]
[PlyCount "150"]
[EventDate "2021.10.28"]
[EventRounds "11"]
[EventCountry "BRA"]

1. e4 e6 2. d4 d5 3. Nc3 Nf6 4. Bg5 Bb4 5. exd5 Bxc3+ 6. bxc3 exd5 7. Bd3 h6 8.
Bh4 O-O 9. Ne2 Qd6 10. O-O Nbd7 11. Re1 c5 12. c4 b6 13. cxd5 cxd4 14. Nxd4
Qxd5 15. Be2 Ne4 16. Bf3 Ndc5 17. c4 Qb7 18. Nb5 f5 19. Nd6 Qc6 20. Be7 Be6 21.
Bxf8 Rxf8 22. Nxe4 fxe4 23. Be2 Qc7 24. Qd2 Qe5 25. Qe3 Qf6 26. Rad1 Qb2 27.
Rd2 Qb4 28. Red1 Bxc4 29. Rd4 b5 30. Bxc4+ bxc4 31. Qe2 Nd3 32. Qxe4 Qb2 33. f3
Qf2+ 34. Kh1 Qc2 35. R4xd3 cxd3 36. Qxd3 Qxa2 37. Qd5+ Qxd5 38. Rxd5 Ra8 39.
Ra5 a6 40. Kg1 Kf7 41. Kf2 Ke6 42. Ke3 Kd6 43. Kd4 Kc6 44. Kc4 Kb6 45. Kb4 Rd8
46. Ra2 Rd4+ 47. Kc3 Rd5 48. Re2 Rc5+ 49. Kb4 a5+ 50. Ka4 Rc4+ 51. Kb3 Kb5 52.
Re7 a4+ 53. Ka3 g5 54. Rh7 Rc3+ 55. Kb2 Rc6 56. Rb7+ Rb6 57. Re7 Ka5+ 58. Ka3
Rb3+ 59. Ka2 Kb4 60. Re4+ Kc3 61. Rxa4 Rb2+ 62. Ka3 Rxg2 63. h4 gxh4 64. Rxh4
Rg6 65. Ka4 Kd3 66. Re4 Rf6 67. Rh4 Ke3 68. Kb5 Kxf3 69. Kc5 Kg3 70. Rh1 Kg4
71. Kd5 h5 72. Rg1+ Kh3 73. Rh1+ Kg4 74. Rg1+ Kh4 75. Rh1+ Kg5  1/2-1/2

[Event "87o Campeonato Brasileiro Absoluto Final Aberta"]
[Site "Cuiaba MT"]
[Date "2021.10.29"]
[Round "3"]
[Board "44"]
[White "Pinto, Pedro Jorge De Moraes"]
[Black "Borges, Ivoney"]
[Result "1-0"]
[WhiteElo "2010"]
[BlackElo "1767"]
[PlyCount "59"]
[EventDate "2021.10.28"]
[EventRounds "11"]
[EventCountry "BRA"]

1. Nf3 Nf6 2. c4 d6 3. d4 Nbd7 4. Nc3 g6 5. Bg5 Bg7 6. e4 O-O 7. Qd2 c5 8. d5
Ng4 9. h3 Nge5 10. Nxe5 Bxe5 11. Bd3 a6 12. O-O Bd4 13. Kh1 Bg7 14. f4 f6 15.
Bh4 Qe8 16. Rae1 h6 17. Bg3 g5 18. e5 dxe5 19. fxe5 fxe5 20. Qe3 Bf6 21. d6
exd6 22. Qe4 Qf7 23. Nd5 Qg7 24. Nc7 Nb6 25. Nxa8 Nxa8 26. Qd5+ Kh8 27. Qxd6
Rd8 28. Qxd8+ Bxd8 29. Bxe5 Qxe5 30. Rxe5  1-0

[Event "87o Campeonato Brasileiro Absoluto Final Aberta"]
[Site "Cuiaba MT"]
[Date "2021.10.29"]
[Round "3"]
[Board "45"]
[White "Messias, Jose Vitor Lamosa Prado"]
[Black "Toth, Peter"]
[Result "1/2-1/2"]
[WhiteElo "1762"]
[BlackElo "2004"]
[PlyCount "119"]
[EventDate "2021.10.28"]
[EventRounds "11"]
[EventCountry "BRA"]

1. e4 e5 2. f4 d5 3. exd5 e4 4. d3 Nf6 5. dxe4 Nxe4 6. Nf3 Bc5 7. Qe2 Qxd5 8.
Nfd2 f5 9. Nc3 Qd4 10. Ndxe4 fxe4 11. Qxe4+ Kd8 12. Qxd4+ Bxd4 13. Bd2 Re8+ 14.
Be2 Bd7 15. Kf1 Na6 16. a3 Nc5 17. Bf3 c6 18. g4 g6 19. Kg2 Kc7 20. Rhe1 b5 21.
Nxb5+ cxb5 22. Bxa8 Rxa8 23. Re7 Re8 24. Rae1 Rxe7 25. Rxe7 Kb6 26. c3 Bc6+ 27.
Kh3 Ne4 28. Rxe4 Bxe4 29. cxd4 Kc6 30. Kh4 Kd5 31. Kg5 Kxd4 32. Kh6 Kd3 33. Bc3
Ke3 34. Be5 Kf3 35. h3 Kg2 36. Kg5 Kxh3 37. f5 Bd5 38. f6 Be6 39. Kf4 h6 40. g5
h5 41. Bd4 h4 42. Ke5 Bc4 43. Kd6 Kg4 44. Ke7 Kxg5 45. f7 Bxf7 46. Kxf7 h3 47.
Bg1 a5 48. Kg7 b4 49. a4 b3 50. Bh2 Kf5 51. Kh6 Ke4 52. Kxg6 Kd3 53. Kf5 Kc2
54. Be5 h2 55. Bxh2 Kxb2 56. Ke4 Ka3 57. Bd6+ Kxa4 58. Kd3 Kb5 59. Kc3 a4 60.
Ba3  1/2-1/2

[Event "87o Campeonato Brasileiro Absoluto Final Aberta"]
[Site "Cuiaba MT"]
[Date "2021.10.29"]
[Round "3"]
[Board "46"]
[White "De Carvalho, Vitor Augusto Ponciano"]
[Black "Souza Dos Santos, Matheus Garcett"]
[Result "0-1"]
[WhiteElo "1757"]
[BlackElo "1999"]
[PlyCount "104"]
[EventDate "2021.10.28"]
[EventRounds "11"]
[EventCountry "BRA"]

1. e4 c5 2. Nf3 d6 3. d3 g6 4. g3 Bg7 5. Bg2 Nc6 6. O-O Nf6 7. c3 O-O 8. h3 Rb8
9. Re1 b5 10. d4 Nd7 11. Be3 b4 12. Nbd2 bxc3 13. bxc3 Qa5 14. Nb3 Qc7 15. Qc2
Na5 16. Nxa5 Qxa5 17. Nd2 cxd4 18. cxd4 Ba6 19. Nb3 Qa4 20. Qd2 Nb6 21. Qa5
Rfc8 22. Bf1 Bxf1 23. Rxf1 Qd7 24. Kh2 Nc4 25. Qe1 Qe6 26. Bf4 Na3 27. d5 Qd7
28. Rc1 Nc4 29. Qe2 Qa4 30. Rc2 Na3 31. Rxc8+ Rxc8 32. Rc1 Rxc1 33. Nxc1 Nb5
34. Bd2 Bc3 35. Be3 a6 36. Qd3 Bf6 37. f3 Nc3 38. Qd2 Qc4 39. Kg2 Qa4 40. h4 h5
41. Bg5 Bxg5 42. hxg5 Qa3 43. Qc2 a5 44. Kf1 Qc5 45. Ne2 Nxe2 46. Qxe2 Qc1+ 47.
Qe1 Qxg5 48. Qxa5 Qxg3 49. Qc3 h4 50. Qe3 Qh2 51. Qg1 Qxa2 52. Qg4 Qh2  0-1

[Event "87o Campeonato Brasileiro Absoluto Final Aberta"]
[Site "Cuiaba MT"]
[Date "2021.10.29"]
[Round "3"]
[Board "47"]
[White "Araujo, Everson De Moura"]
[Black "Da Silva, Erick Feitosa"]
[Result "1-0"]
[WhiteElo "1965"]
[BlackElo "1765"]
[PlyCount "79"]
[EventDate "2021.10.28"]
[EventRounds "11"]
[EventCountry "BRA"]

1. Nf3 d5 2. e3 Nf6 3. c4 e6 4. Nc3 Be7 5. Be2 O-O 6. O-O b6 7. cxd5 exd5 8. d4
Nbd7 9. b3 Re8 10. Bb2 c6 11. Rc1 Bd6 12. Qc2 Nf8 13. Rfd1 Bg4 14. Ne5 Bxe5 15.
dxe5 Rxe5 16. Nb5 Bxe2 17. Qxe2 Rg5 18. Rxc6 Ne6 19. f4 Rf5 20. g4 Nxf4 21.
exf4 Rxf4 22. Bxf6 Rxf6 23. Rxf6 Qxf6 24. Rxd5 Qc6 25. Re5 h6 26. Qc4 Qf6 27.
Rf5 Qe7 28. Nc7 Rd8 29. Nd5 Qe6 30. Nc3 Qe1+ 31. Rf1 Qe3+ 32. Rf2 Kh8 33. Ne4
b5 34. Qe2 Qd4 35. Ng3 Qd7 36. Nf5 Re8 37. Qd2 Qe6 38. Qd4 f6 39. Qxa7 Qe1+ 40.
Rf1  1-0

[Event "87o Campeonato Brasileiro Absoluto Final Aberta"]
[Site "Cuiaba MT"]
[Date "2021.10.29"]
[Round "3"]
[Board "48"]
[White "Fedrizzi, Roberto Senatore"]
[Black "Leite, Coraci De Jesus"]
[Result "0-1"]
[WhiteElo "1962"]
[BlackElo "1763"]
[PlyCount "108"]
[EventDate "2021.10.28"]
[EventRounds "11"]
[EventCountry "BRA"]

1. d4 c5 2. d5 d6 3. c4 e5 4. dxe6 Bxe6 5. e4 Nc6 6. Nc3 Nf6 7. h3 h6 8. Nf3
Be7 9. Be2 O-O 10. Bf4 a6 11. O-O Qc7 12. Nd5 Bxd5 13. exd5 Nb8 14. Bd3 Nbd7
15. Re1 Rae8 16. Bc2 Nh7 17. Qd3 Ndf6 18. g4 Qd7 19. Kg2 Bd8 20. g5 hxg5 21.
Nxg5 Nxg5 22. Bxg5 g6 23. Qf3 Kg7 24. Re3 Nh5 25. Bxd8 Qxd8 26. Rae1 Rxe3 27.
Qxe3 Qf6 28. Rb1 Rh8 29. Qc3 Nf4+ 30. Kf1 Rxh3 31. Qxf6+ Kxf6 32. Kg1 Rh4 33.
Bd1 Nh3+ 34. Kg2 Ng5 35. Be2 Ne4 36. f3 Nd2 37. Rc1 Ke5 38. Rc2 Rd4 39. Kf2 Kf4
40. b3 Nb1 41. Rc1 Na3 42. Rc3 b5 43. Rc1 Rd2 44. Ra1 Nc2 45. Rd1 Rxd1 46. Bxd1
Nd4 47. a3 bxc4 48. bxc4 f6 49. a4 a5 50. Be2 Nxe2 51. Kxe2 f5 52. Kf2 g5 53.
Ke2 g4 54. fxg4 fxg4  0-1

[Event "87o Campeonato Brasileiro Absoluto Final Aberta"]
[Site "Cuiaba MT"]
[Date "2021.10.29"]
[Round "3"]
[Board "49"]
[White "Correa, Joao Pedro Vieira"]
[Black "Castro Silva, Alex"]
[Result "1-0"]
[WhiteElo "1750"]
[BlackElo "1961"]
[PlyCount "105"]
[EventDate "2021.10.28"]
[EventRounds "11"]
[EventCountry "BRA"]

1. e4 e5 2. Nf3 d6 3. d4 Nf6 4. Nc3 Nbd7 5. g3 Be7 6. Bg2 O-O 7. O-O c6 8. a4
a5 9. h3 Qc7 10. Be3 Re8 11. Nh4 Nf8 12. f4 Ng6 13. Nf3 Bf8 14. dxe5 dxe5 15.
f5 Ne7 16. Qe2 b6 17. Qf2 Rb8 18. Nxe5 Nxf5 19. exf5 Rxe5 20. Kh2 Rxf5 21. Qd2
Bd6 22. Bf4 Bxf4 23. Rxf4 Rxf4 24. Qxf4 Qxf4 25. gxf4 c5 26. Rd1 Bf5 27. Rd2
Kf8 28. Bf3 Re8 29. Bc6 Re3 30. Rd8+ Ke7 31. Rb8 Rxh3+ 32. Kg2 Rh6 33. Rxb6
Bxc2 34. Rb5 Kd6 35. Bf3 Rg6+ 36. Kf2 h5 37. Rxa5 h4 38. Ra6+ Ke7 39. Ra8 Ng4+
40. Ke2 f5 41. a5 Rd6 42. Bd5 Nf6 43. a6 Be4 44. Bxe4 Nxe4 45. Nxe4 fxe4 46. a7
Ra6 47. Rg8 Kf6 48. a8=Q Rxa8 49. Rxa8 Kf5 50. Ke3 h3 51. Rh8 Kg4 52. Kxe4 Kg3
53. Rg8  1-0

[Event "87o Campeonato Brasileiro Absoluto Final Aberta"]
[Site "Cuiaba MT"]
[Date "2021.10.29"]
[Round "3"]
[Board "50"]
[White "Bisesar, Maycon Da Costa"]
[Black "Vicentin, Marcos Tadeu"]
[Result "1/2-1/2"]
[WhiteElo "1742"]
[BlackElo "1961"]
[PlyCount "102"]
[EventDate "2021.10.28"]
[EventRounds "11"]
[EventCountry "BRA"]

1. d4 Nf6 2. c4 c5 3. e3 g6 4. Nf3 Bg7 5. Be2 O-O 6. O-O cxd4 7. exd4 d5 8. h3
Nc6 9. Be3 Bf5 10. Nc3 a6 11. Rc1 Rc8 12. cxd5 Nxd5 13. Qd2 Nxe3 14. fxe3 e5
15. d5 e4 16. dxc6 exf3 17. Qxd8 Rfxd8 18. Bxf3 bxc6 19. Rfd1 Bh6 20. Kf2 Re8
21. Re1 Rcd8 22. Rcd1 Rxd1 23. Bxd1 Bd3 24. Bf3 Re6 25. Na4 Bf8 26. Be2 Bb5 27.
Nc3 Bb4 28. a3 Bxc3 29. bxc3 Bxe2 30. Kxe2 Re4 31. Kd3 Ra4 32. Ra1 f5 33. c4
Kf7 34. Kd4 Ke6 35. Ra2 Kd6 36. Ra1 g5 37. Kc3 Kc5 38. Kb3 Rxc4 39. Rf1 f4 40.
exf4 Rxf4 41. Rc1+ Kd5 42. Rd1+ Kc5 43. Rc1+ Kb6 44. Rc2 h5 45. Re2 a5 46. Re5
a4+ 47. Kc3 g4 48. Rxh5 gxh3 49. gxh3 c5 50. Rh8 Rf3+ 51. Kc4 Rf4+  1/2-1/2

[Event "87o Campeonato Brasileiro Absoluto Final Aberta"]
[Site "Cuiaba MT"]
[Date "2021.10.29"]
[Round "3"]
[Board "51"]
[White "Custodio, Leandro"]
[Black "Rodrigues Mota, Romulo Cardoso S"]
[Result "1-0"]
[WhiteElo "1953"]
[BlackElo "1759"]
[PlyCount "35"]
[EventDate "2021.10.28"]
[EventRounds "11"]
[EventCountry "BRA"]

1. Nf3 d5 2. b3 Nf6 3. Bb2 e6 4. e3 Be7 5. d4 a6 6. Nbd2 c5 7. Bd3 Nc6 8. a3 b5
9. dxc5 Bxc5 10. O-O Bb7 11. a4 b4 12. Qe2 O-O 13. Nd4 Ne7 14. f4 Ne4 15. Qh5
Nf5 16. Nxf5 exf5 17. Rf3 g6 18. Qxh7+  1-0

[Event "87o Campeonato Brasileiro Absoluto Final Aberta"]
[Site "Cuiaba MT"]
[Date "2021.10.29"]
[Round "3"]
[Board "52"]
[White "Arruda Filho, Ivo Pereira De"]
[Black "Cilento, Lucas Geraldo"]
[Result "1-0"]
[WhiteElo "1718"]
[BlackElo "1952"]
[PlyCount "75"]
[EventDate "2021.10.28"]
[EventRounds "11"]
[EventCountry "BRA"]

1. Nf3 c5 2. e4 a6 3. d4 cxd4 4. Nxd4 Nf6 5. Nc3 e5 6. Nf5 d5 7. Bg5 d4 8. Bxf6
gxf6 9. Nb1 Bxf5 10. exf5 Qb6 11. Bd3 Qxb2 12. Nd2 Bb4 13. O-O Bxd2 14. Qxd2
Qa3 15. Be4 Ra7 16. Qh6 Nd7 17. Rfe1 Qf8 18. Qd2 Qc5 19. Qh6 b5 20. Bd3 Qf8 21.
Qh4 Qg7 22. Qxd4 Rc7 23. Qd6 Rg8 24. g3 Ra7 25. Be4 Qf8 26. Qd2 h5 27. h4 Qc5
28. Kh2 Nb6 29. Qe2 Rd7 30. Red1 Rg4 31. f3 Rg8 32. Rxd7 Nxd7 33. Rd1 Ke7 34.
Rd5 Qc7 35. Qd2 Nb6 36. Qb4+ Ke8 37. Rd6 Nc8 38. Bc6+  1-0

[Event "87o Campeonato Brasileiro Absoluto Final Aberta"]
[Site "Cuiaba MT"]
[Date "2021.10.29"]
[Round "3"]
[Board "53"]
[White "Pomar, Marcelo Nascimento"]
[Black "Franca Junior, Jairo"]
[Result "0-1"]
[WhiteElo "1947"]
[BlackElo "1755"]
[PlyCount "40"]
[EventDate "2021.10.28"]
[EventRounds "11"]
[EventCountry "BRA"]

1. d4 Nf6 2. Nc3 d5 3. Bg5 e6 4. e4 Be7 5. e5 Nfd7 6. Bxe7 Kxe7 7. Qg4 Kf8 8.
f4 h5 9. Qh3 c5 10. Nf3 Nc6 11. O-O-O cxd4 12. Nxd4 Nxd4 13. Rxd4 a6 14. Be2 g6
15. g4 h4 16. Bd3 Nc5 17. Rd1 Qe7 18. Kb1 Kg7 19. f5 exf5 20. Nxd5 Qxe5 {resto
ilegÃƒ^^vel}  0-1

[Event "87o Campeonato Brasileiro Absoluto Final Aberta"]
[Site "Cuiaba MT"]
[Date "2021.10.29"]
[Round "3"]
[Board "54"]
[White "Melo, Igor De Souza"]
[Black "Peixoto, Rudson Marinho"]
[Result "1/2-1/2"]
[WhiteElo "1710"]
[BlackElo "1945"]
[PlyCount "88"]
[EventDate "2021.10.28"]
[EventRounds "11"]
[EventCountry "BRA"]

1. e4 c5 2. Nf3 d6 3. Bb5+ Bd7 4. Bxd7+ Qxd7 5. O-O e5 6. c3 Nf6 7. Re1 Be7 8.
d4 Qc7 9. dxe5 dxe5 10. Na3 a6 11. Bg5 Nbd7 12. Qe2 O-O 13. Nc4 b5 14. Bxf6
Bxf6 15. Ne3 Nb6 16. Rad1 Rad8 17. Rxd8 Rxd8 18. Rd1 h5 19. Rd2 g6 20. Qd1 Rxd2
21. Qxd2 Qc6 22. h3 Kg7 23. Qc2 c4 24. g3 Na4 25. g4 Qe6 26. g5 Be7 27. Kg2 Nc5
28. Nd5 Nd3 29. b4 f5 30. gxf6+ Bxf6 31. Qd2 Qf7 32. Qe3 Bd8 33. a3 h4 34. Qd2
Qa7 35. Qe3 Qxe3 36. Nxe3 Kf7 37. Nd5 g5 38. Nd2 Ne1+ 39. Kf1 Nd3 40. Ke2 Kg6
41. Kf3 Kh5 42. Nf1 Nf4 43. Nxf4+ gxf4 44. Nh2 Bf6  1/2-1/2

[Event "87o Campeonato Brasileiro Absoluto Final Aberta"]
[Site "Cuiaba MT"]
[Date "2021.10.29"]
[Round "3"]
[Board "55"]
[White "Silva, Guilherme Henrique De Mora"]
[Black "Franco Filho, Sinvaldo Barreiros"]
[Result "1-0"]
[WhiteElo "1943"]
[BlackElo "1702"]
[PlyCount "51"]
[EventDate "2021.10.28"]
[EventRounds "11"]
[EventCountry "BRA"]

1. e4 e6 2. d4 d5 3. e5 c5 4. c3 Nc6 5. Nf3 Qb6 6. a3 a5 7. a4 cxd4 8. cxd4
Bb4+ 9. Nc3 f6 10. Bb5 Bd7 11. O-O fxe5 12. Nxe5 Nxe5 13. dxe5 Bc6 14. Qg4 Bxb5
15. Nxb5 O-O-O 16. Be3 Qa6 17. Rac1+ Kb8 18. Ba7+ Qxa7 19. Nxa7 Kxa7 20. Qxe6
Ne7 21. Rc7 Ng6 22. Rfc1 d4 23. Rxb7+ Kxb7 24. Qc6+ Kb8 25. Qb6+ Ka8 26. Rc7
 1-0

[Event "87o Campeonato Brasileiro Absoluto Final Aberta"]
[Site "Cuiaba MT"]
[Date "2021.10.29"]
[Round "3"]
[Board "56"]
[White "Okamura, Milton Kasuo"]
[Black "Damasceno, Enzo De Carvalho"]
[Result "1/2-1/2"]
[WhiteElo "1937"]
[BlackElo "1692"]
[PlyCount "45"]
[EventDate "2021.10.28"]
[EventRounds "11"]
[EventCountry "BRA"]

1. d4 d5 2. c4 c6 3. Nc3 Nf6 4. Nf3 e6 5. e3 Nbd7 6. Qc2 Bd6 7. Be2 O-O 8. O-O
dxc4 9. Bxc4 b5 10. Be2 Bb7 11. Rd1 Qc7 12. e4 e5 13. Bg5 exd4 14. Rxd4 Ne5 15.
Bxf6 gxf6 16. h3 Bc5 17. Rd2 Rad8 18. Rc1 Qb6 19. Nd1 Bb4 20. Rxd8 Rxd8 21. Ne3
Nxf3+ 22. Bxf3 Bd2 23. Rd1  1/2-1/2

[Event "87o Campeonato Brasileiro Absoluto Final Aberta"]
[Site "Cuiaba MT"]
[Date "2021.10.29"]
[Round "3"]
[Board "57"]
[White "Cardoso, Lucca Pimenta"]
[Black "Zakowicz, Rafael"]
[Result "0-1"]
[WhiteElo "1690"]
[BlackElo "1932"]
[PlyCount "66"]
[EventDate "2021.10.28"]
[EventRounds "11"]
[EventCountry "BRA"]

1. d4 d5 2. c4 e6 3. Nf3 c6 4. e3 f5 5. Nc3 Nf6 6. Bd3 Bd6 7. O-O O-O 8. b3 Ne4
9. Bb2 Nd7 10. Ne2 Ndf6 11. Bc2 Bd7 12. Ne5 Be8 13. Nf4 Qe7 14. f3 Ng5 15. Qe2
Nf7 16. e4 dxe4 17. fxe4 Nxe5 18. dxe5 Bc5+ 19. Kh1 Ng4 20. exf5 exf5 21. b4
Bxb4 22. Bxf5 Nh6 23. Bc2 Bc5 24. Qe4 g6 25. Nd3 Nf5 26. a4 Bd4 27. Ba3 c5 28.
Rab1 Bc6 29. Qg4 Ne3 30. Rxf8+ Rxf8 31. Qxd4 Bxg2+ 32. Kg1 Qg5 33. Qxc5 Bd5#
 0-1

[Event "87o Campeonato Brasileiro Absoluto Final Aberta"]
[Site "Cuiaba MT"]
[Date "2021.10.29"]
[Round "3"]
[Board "58"]
[White "Gazineu Neto, Rubens"]
[Black "Fernandes, Pedro Guilherme Muniz"]
[Result "1-0"]
[WhiteElo "1931"]
[BlackElo "1682"]
[PlyCount "37"]
[EventDate "2021.10.28"]
[EventRounds "11"]
[EventCountry "BRA"]

1. e4 c5 2. Nf3 g6 3. d4 cxd4 4. Nxd4 Nc6 5. Nc3 Bg7 6. Be3 Nf6 7. Bc4 Qa5 8.
O-O Qb4 9. Bb3 Nxe4 10. Nxc6 bxc6 11. a3 Nxc3 12. Qf3 Ne2+ 13. Kh1 Qh4 14.
Qxf7+ Kd8 15. Qxg7 Qf6 16. Qxf6 exf6 17. Bc4 Rb8 18. Bxe2 Rxb2 19. Bd4  1-0

[Event "87o Campeonato Brasileiro Absoluto Final Aberta"]
[Site "Cuiaba MT"]
[Date "2021.10.29"]
[Round "3"]
[Board "59"]
[White "Carmo, Jose Arlindo"]
[Black "Jorge, Denrick Cabral Jose"]
[Result "0-1"]
[WhiteElo "1650"]
[BlackElo "1927"]
[PlyCount "114"]
[EventDate "2021.10.28"]
[EventRounds "11"]
[EventCountry "BRA"]

1. e4 c5 2. Nf3 d6 3. d4 cxd4 4. Nxd4 Nf6 5. Nc3 a6 6. Be2 e5 7. Nb3 Be6 8. O-O
Be7 9. Be3 O-O 10. f4 b5 11. Nd5 Nbd7 12. Nxe7+ Qxe7 13. Bf3 exf4 14. Bxf4 Ne5
15. h3 Bxb3 16. axb3 Nxf3+ 17. gxf3 Rfd8 18. Rf2 Nh5 19. Bh2 d5 20. f4 Qh4 21.
Qg4 Qxg4+ 22. hxg4 Nf6 23. exd5 Nxg4 24. Rd2 Rd6 25. c4 Rc8 26. Rc1 Rc5 27. f5
Nxh2 28. Kxh2 Kf8 29. Kg3 Ke7 30. Kg4 g6 31. Re1+ Kf6 32. fxg6 hxg6 33. Rf2+
Kg7 34. Re7 Rf6 35. Rxf6 Kxf6 36. Re4 Rc8 37. d6 bxc4 38. bxc4 a5 39. d7 Rd8
40. Rd4 Ke6 41. Kg5 Rxd7 42. Re4+ Kd6 43. Kf6 Kc5 44. Re5+ Kxc4 45. Rxa5 Rd5
46. b3+ Kd4 47. Ra4+ Ke3 48. Kxf7 g5 49. Ke6 Rb5 50. Kf6 Kf3 51. Rc4 g4 52.
Rc3+ Kg2 53. Rc2+ Kh3 54. Rc3+ g3 55. Ke6 Kh2 56. Kd6 g2 57. Rc2 Kh1  0-1

[Event "87o Campeonato Brasileiro Absoluto Final Aberta"]
[Site "Cuiaba MT"]
[Date "2021.10.29"]
[Round "3"]
[Board "60"]
[White "Nascimento, Davi De Araujo"]
[Black "Dos Anjos, Avner Augusto"]
[Result "0-1"]
[WhiteElo "1628"]
[BlackElo "1923"]
[PlyCount "64"]
[EventDate "2021.10.28"]
[EventRounds "11"]
[EventCountry "BRA"]

1. e4 c5 2. Nc3 Nc6 3. Nge2 Nf6 4. g3 d5 5. exd5 Nxd5 6. Bg2 Nc7 7. d3 e5 8.
Be3 Nd4 9. Qd2 Bg4 10. Bxd4 cxd4 11. Ne4 Be7 12. f4 f5 13. Nf2 Bxe2 14. Qxe2
Bb4+ 15. c3 dxc3 16. Qxe5+ Qe7 17. Qxe7+ Kxe7 18. O-O-O cxb2+ 19. Kxb2 Nb5 20.
Bxb7 Rab8 21. Ba6 Nd4 22. Kc1 Rb6 23. Bc4 Rhb8 24. Rd2 Bxd2+ 25. Kxd2 Rb2+ 26.
Ke3 Nc2+ 27. Kf3 Rb1 28. Rxb1 Rxb1 29. h3 Kd6 30. g4 Nd4+ 31. Ke3 Kc5 32. gxf5
Re1+  0-1

[Event "87o Campeonato Brasileiro Absoluto Final Aberta"]
[Site "Cuiaba MT"]
[Date "2021.10.29"]
[Round "3"]
[Board "61"]
[White "Azevedo Junior, Joao Nunes"]
[Black "Romais, Rodrigo"]
[Result "1-0"]
[WhiteElo "1919"]
[BlackElo "1652"]
[PlyCount "57"]
[EventDate "2021.10.28"]
[EventRounds "11"]
[EventCountry "BRA"]

1. e4 e6 2. d3 d5 3. Qe2 Nf6 4. Nf3 c5 5. g3 Nc6 6. Bg2 dxe4 7. dxe4 e5 8. c3
Bg4 9. Nbd2 a6 10. O-O b5 11. a4 b4 12. Nc4 Qc7 13. Bg5 Be7 14. Ne3 Be6 15.
Bxf6 Bxf6 16. Nd5 Bxd5 17. exd5 Nb8 18. d6 Qxd6 19. Nxe5 Ra7 20. Ng6+ Re7 21.
Nxe7 Bxe7 22. Rfe1 Kf8 23. Qg4 g6 24. Rad1 Qc7 25. Qe4 Bf6 26. cxb4 Bxb2 27.
bxc5 Kg7 28. Qb7 Rc8 29. Qxb2+  1-0

[Event "87o Campeonato Brasileiro Absoluto Final Aberta"]
[Site "Cuiaba MT"]
[Date "2021.10.29"]
[Round "3"]
[Board "62"]
[White "Rodrigues, Julliano De Araujo"]
[Black "De Oliveira Filho, Fernando F"]
[Result "1/2-1/2"]
[WhiteElo "1917"]
[BlackElo "1638"]
[PlyCount "112"]
[EventDate "2021.10.28"]
[EventRounds "11"]
[EventCountry "BRA"]

1. e4 e6 2. d4 d5 3. Nc3 Bb4 4. e5 c5 5. a3 Bxc3+ 6. bxc3 Qc7 7. Qg4 Ne7 8.
Qxg7 Rg8 9. Qxh7 cxd4 10. Ne2 Nbc6 11. cxd4 Nxd4 12. Kd1 Nxe2 13. Bxe2 Qxe5 14.
Rb1 Qd4+ 15. Ke1 Rxg2 16. Be3 Qg7 17. Qd3 Rg1+ 18. Kd2 Rxh1 19. Rxh1 Bd7 20.
Bd4 Qg5+ 21. Kd1 Nf5 22. Bc5 b6 23. h4 Qf6 24. Be3 Nxe3+ 25. Qxe3 Qa1+ 26. Qc1
Qxc1+ 27. Kxc1 Ke7 28. Rg1 Rh8 29. h5 Kf8 30. Rg3 Ke7 31. Rc3 Kd6 32. Rf3 f5
33. Rg3 Rh7 34. f4 Be8 35. Rg5 Ke7 36. Kd2 Kf6 37. Ke3 e5 38. c3 Rc7 39. Rg8
Bf7 40. fxe5+ Kxe5 41. Rg7 Kf6 42. h6 Rxc3+ 43. Bd3 Rxa3 44. Rg1 Bg6 45. Kd4
Ra4+ 46. Kxd5 Rh4 47. Ra1 Bf7+ 48. Kc6 Rxh6 49. Rxa7 Ke5+ 50. Kb5 Be8+ 51. Kc4
Rc6+ 52. Kb4 f4 53. Bb5 Re6 54. Bc4 f3 55. Bxe6 Kxe6 56. Ra3 Bc6  1/2-1/2

[Event "87o Campeonato Brasileiro Absoluto Final Aberta"]
[Site "Cuiaba MT"]
[Date "2021.10.29"]
[Round "3"]
[Board "63"]
[White "Da Silva, Fabio Lima"]
[Black "De Avelar, Flavio Henrique"]
[Result "1-0"]
[WhiteElo "1909"]
[BlackElo "1534"]
[PlyCount "79"]
[EventDate "2021.10.28"]
[EventRounds "11"]
[EventCountry "BRA"]

1. d4 e6 2. c4 Nf6 3. Nf3 d5 4. Bf4 c6 5. Nbd2 h6 6. e3 Nbd7 7. Bd3 Nh5 8. Be5
Nxe5 9. Nxe5 Nf6 10. c5 Qc7 11. O-O h5 12. Ndf3 Be7 13. Ng5 O-O 14. Qc2 Ne4 15.
Nxe4 dxe4 16. Bxe4 f5 17. Bf3 Rf6 18. Bxh5 Rh6 19. Be2 Bf6 20. f4 Bd7 21. Bc4
Bxe5 22. fxe5 Qd8 23. Qxf5 Qe7 24. Rf3 Rf8 25. Qxf8+ Qxf8 26. Rxf8+ Kxf8 27.
Rf1+ Ke7 28. Rf3 Be8 29. Bd3 a6 30. Rh3 Rxh3 31. gxh3 Bh5 32. Kf2 Bd1 33. Kg3
Kf7 34. Kf4 Bh5 35. Kg5 g6 36. h4 Kg7 37. b4 Kh7 38. Kf6 Bg4 39. Bxg6+ Kh6 40.
Bf7  1-0

[Event "87o Campeonato Brasileiro Absoluto Final Aberta"]
[Site "Cuiaba MT"]
[Date "2021.10.29"]
[Round "3"]
[Board "64"]
[White "Rocha, Matheus Eugenio S M Nunes"]
[Black "Felicio, Leonardo Demetrio De F."]
[Result "0-1"]
[WhiteElo "1800"]
[BlackElo "1896"]
[PlyCount "50"]
[EventDate "2021.10.28"]
[EventRounds "11"]
[EventCountry "BRA"]

1. d4 Nf6 2. c4 g6 3. Nc3 Bg7 4. e4 d6 5. Nf3 O-O 6. Be2 e5 7. Be3 Ng4 8. Bg5
f6 9. Bc1 Nc6 10. O-O g5 11. h3 Nh6 12. Be3 g4 13. hxg4 Nxg4 14. Bc1 Qe8 15.
Nh2 Nxh2 16. Kxh2 Nxd4 17. Bh5 Qd8 18. f4 f5 19. exf5 Bxf5 20. Nd5 c6 21. Ne3
exf4 22. Nxf5 Rxf5 23. Bg4 Qh4+ 24. Kg1 Re8 25. Bxf5 Ne2+  0-1

[Event "87o Campeonato Brasileiro Absoluto Final Aberta"]
[Site "Cuiaba MT"]
[Date "2021.10.29"]
[Round "3"]
[Board "65"]
[White "Cabral Teske, Luiz Fernando"]
[Black "Naief Moreira, Cleber"]
[Result "1/2-1/2"]
[WhiteElo "1894"]
[BlackElo "1852"]
[PlyCount "55"]
[EventDate "2021.10.28"]
[EventRounds "11"]
[EventCountry "BRA"]

1. e4 d6 2. d4 Nf6 3. Nc3 g6 4. Be3 Bg7 5. Qd2 Nbd7 6. O-O-O O-O 7. f3 c6 8. g4
b5 9. h4 h5 10. gxh5 Nxh5 11. Nce2 e5 12. Bh6 Qf6 13. Bxg7 Kxg7 14. dxe5 dxe5
15. Qg5 Re8 16. Bh3 Nc5 17. Qxf6+ Nxf6 18. Bxc8 Raxc8 19. Nh3 Rcd8 20. Nf2 Rd7
21. Ng3 Ne6 22. Rxd7 Nxd7 23. h5 Nd4 24. hxg6 fxg6 25. Rd1 Nc5 26. b4 Nce6 27.
c3 Nxf3 28. Rd7+  1/2-1/2

[Event "87o Campeonato Brasileiro Absoluto Final Aberta"]
[Site "Cuiaba MT"]
[Date "2021.10.29"]
[Round "3"]
[Board "66"]
[White "Timossi, Lucas Jose Santiago"]
[Black "Santanna, Paulo"]
[Result "0-1"]
[WhiteElo "1737"]
[BlackElo "1894"]
[PlyCount "52"]
[EventDate "2021.10.28"]
[EventRounds "11"]
[EventCountry "BRA"]

1. d3 c5 2. Nf3 g6 3. Be3 d6 4. c4 Bg7 5. Nc3 Nf6 6. g3 Nc6 7. Bg2 O-O 8. O-O
h6 9. a3 Qd7 10. Qc2 b6 11. Rfb1 Bb7 12. b4 Ng4 13. Bd2 Nd4 14. Nxd4 Bxg2 15.
Kxg2 cxd4 16. Na2 Rac8 17. Qb3 Kh7 18. h3 Ne5 19. b5 g5 20. Nb4 f5 21. f4 gxf4
22. Bxf4 Ng6 23. Bd2 f4 24. g4 Nh4+ 25. Kf1 Qb7 26. e3 Qf3+  0-1